Mysteries of nature, explained and unexplained /

Presents theories and explanations for puzzling natural phenomena, including screams heard in the nighttime forest and whales that strand themselves on beaches and die.

Bibliographic Details
Main Author: Caras, Roger A.
Format: Book
Language:English
Published: New York : Harcourt Brace Jovanovich, [1979]
Edition:1st ed.
Subjects:

MARC

Tag First Indicator Second Indicator Subfields
LEADER 00000cam a2200000 i 4500
001 in00000671237
005 20151015094157.0
008 790816s1979 nyua j 00110 eng
010 |a  78020568  
020 |a 0152563466 
035 |a (OCoLC)05179077 
035 |9 ACY8759AM 
040 |a DLC  |c DLC  |d TXA  |d UtOrBLW 
049 |a [Curr Col] TXAM  |c [384291] 
050 0 0 |a QL49  |b .C26 
082 0 |a 596 
100 1 |a Caras, Roger A. 
245 1 0 |a Mysteries of nature, explained and unexplained /  |c by Roger Caras. 
250 |a 1st ed. 
264 1 |a New York :  |b Harcourt Brace Jovanovich,  |c [1979] 
264 4 |c ©1979 
300 |a 64 pages :  |b illustrations ;  |c 22 cm. 
336 |a text  |b txt  |2 rdacontent 
337 |a unmediated  |b n  |2 rdamedia 
338 |a volume  |b nc  |2 rdacarrier 
500 |a Includes index. 
520 |a Presents theories and explanations for puzzling natural phenomena, including screams heard in the nighttime forest and whales that strand themselves on beaches and die. 
650 0 |a Zoology  |x Miscellanea  |v Juvenile literature. 
650 0 |a Natural history  |v Miscellanea  |v Juvenile literature. 
650 1 |a Zoology  |x Miscellanea. 
650 1 |a Natural history  |x Miscellanea. 
999 |a MARS 
999 f f |s 2c1b4e2b-7c9a-3050-b033-2dc367d8e64c  |i 80c20ac1-7280-362b-89fc-a7bf36991220  |t 0 
952 f f |p ric  |a Texas A&M University  |b Rellis Campus  |c Joint Library Facility  |d Remote Storage  |t 0  |e QL49 .C26  |h Library of Congress classification  |i unmediated -- volume  |m A14800255759 
998 f f |a QL49 .C26  |t 0  |l Remote Storage